| 000 | 00473nam a2200181 a 4500 | ||
|---|---|---|---|
| 001 | 8219 | ||
| 005 | 20180713192133.0 | ||
| 008 | 140415s1976 000 0 spa d | ||
| 041 | _aspa | ||
| 082 |
_a320.0198 _bZEA |
||
| 100 | 1 | _aZEA, LEOPOLDO | |
| 245 | 1 | 3 | _aEL PENSAMIENTO LATINOAMERICANO |
| 250 | _a3a ed. | ||
| 260 |
_a[s.l.] : _bARIEL, _c1976 |
||
| 300 | _a542 | ||
| 490 | _aDEMOS | ||
| 650 | 1 | 4 |
_aFILOSOFIA _xAMERICA LATINA _xPOLITICA _xAMERICA LATINA |
| 999 |
_c8219 _d8219 |
||